000 00462nam a22001457a 4500
020 _qHB.
040 _cFIZZA ISHAQ
082 _a616.8914
_bRYA
100 _aRyan, Tim.
_9134224
245 _aA Mindful Nation: How a Simple Practice Can Help Us Reduce Stress, Improve Performance, and Recapture the American Spirit /
_cTim Ryan.
250 _a1st ED.
260 _aNew York:
_bHay House Inc,
_c2012.
300 _a203 P. ;
_c6 x 1 x 9 inches,
942 _2ddc
_cBK
999 _c617197
_d617197